Το θέατρο της ζωής
Αποθηκεύτηκε σε:
| Κύριος συγγραφέας: | |
|---|---|
| Μορφή: | Βιβλίο |
| Γλώσσα: | Greek |
| Δημοσίευση: |
Αθήναι :
Εκδοτικός οίκος Ζηκάκη,
1924.
|
| Θέματα: | |
| Ετικέτες: |
Προσθήκη ετικέτας
Δεν υπάρχουν, Καταχωρήστε ετικέτα πρώτοι!
|
MARC
| LEADER | 00000cam a2200000 a 4500 | ||
|---|---|---|---|
| 001 | 1/115173 | ||
| 008 | 171005s1924####gr | ||| |||| ||gre|| | ||
| 040 | |a GR-MyUa |b gre |c GR-MyUa |e AACR2 | ||
| 041 | 0 | |a gre | |
| 082 | 7 | |a 889.2 |2 (23) | |
| 100 | 1 | |a Κόκκινος, Διονύσιος Α., |d 1883-1967. | |
| 245 | 1 | 3 | |a Το θέατρο της ζωής / |c Διονυσίου Α. Κοκκίνου. |
| 260 | |a Αθήναι : |b Εκδοτικός οίκος Ζηκάκη, |c 1924. | ||
| 300 | |a 84 σ. ; |c 18 εκ. | ||
| 500 | |a Ο Οθέλλος, ο κληρονόμος του Διαμαντή , τα περασμένα, ασήμαντη είδησις, η επικίνδυνη, τίμια γυναίκα, όπως ο Ορέστης, κρίνο στο φθινόπωρο, τα δεσμά. | ||
| 650 | 0 | |a Greek drama, Modern |y 20th century. | |
| 852 | |a INST |b SAMOS |c CLO |e 20171005 |h 889.2 ΚΟΚ |p 005300044836 |q 005300044836 |t BK |y 23 | ||
| 970 | |a Φιλιππή |b Φάλη |z 05-10-2017 | ||